| 000 | 00997nam a2200229Ii 4500 | ||
|---|---|---|---|
| 003 | JO-AjNU | ||
| 008 | 230605s9999||||xx |||||||||||||| ||und|| | ||
| 017 | _a2011/9/3581 | ||
| 020 | _a978-9957-16-764-6 | ||
| 040 |
_aJO-AjNU _bara _erda _cJO-AjNU |
||
| 041 | _aara | ||
| 050 | 1 | 4 | _aHV1568.M338 2012 |
| 100 | 3 |
_aالمعايطة، خليل عبدالرحمن / م.مشارك مصطفى نوري القمش, _eauthor _942633 |
|
| 245 | 0 | 0 | _aاساسيات التأهيل المهني والرعاية لذوي الاحتياجات الخاصة = Principals of vocational rehabilitation and for people |
| 250 | _aط1 | ||
| 264 | 3 | 1 | _aعمان: دار الثقافة للنشر والتوزيع، 2012 |
| 300 |
_a376ص _bيحتوي على ببلوغرافية من 361-376ص |
||
| 336 |
_atext _btxt _2rdacontent |
||
| 337 |
_aunmediated _bn _2rdamedia |
||
| 338 |
_avolume _bnc _2rdacarrier |
||
| 650 | 4 |
_aالمعوقون- التأهيل المهني - الارشاد التأهيلي _942634 |
|
| 999 |
_aA18269 _c21837 _d21837 |
||